Recuerdos de provincia /
Zapisane w:
| 1. autor: | |
|---|---|
| Format: | Nieznany |
| Język: | Spanish |
| Wydane: |
Argentina :
Editorial Sopena,
1938.
|
| Hasła przedmiotowe: | |
| Etykiety: |
Dodaj etykietę
Nie ma etykietki, Dołącz pierwszą etykiete!
|
MARC
| LEADER | 000000000a22000000004500 | ||
|---|---|---|---|
| 001 | 002898 | ||
| 041 | 0 | |a spa | |
| 082 | 0 | 4 | |a Ar863.2 |b S246r |
| 100 | 1 | |a Sarmiento, Domingo Faustino, |d 1811-1888 | |
| 245 | 1 | 0 | |a Recuerdos de provincia / |c Domingo Faustino Sarmiento. |
| 260 | 1 | |a Argentina : |b Editorial Sopena, |c 1938. | |
| 300 | |a 269 páginas | ||
| 650 | 4 | |a SARMIENTO, DOMINGO FAUSTINO, 1811-1888 | |
| 999 | |c 9233 |d 9233 | ||
| 942 | |c BK |h Ar863.2 S246r |2 z | ||
